| 000 | 00430nam a2200145 a 4500 | ||
|---|---|---|---|
| 001 | 000035906 | ||
| 005 | 20200930074716.0 | ||
| 008 | 111115s2011 dr 000 0 spa d | ||
| 020 | _a9789945164190 | ||
| 040 |
_aDO-SdBNP _bspa _cBNPHU |
||
| 245 | 0 | 0 | _aReglamento del código de ética de la contraloría general de la República /. |
| 260 |
_aSanto Domingo : _bEditora Búho, _c2011. |
||
| 300 |
_a33 p. ; _c23 cm. |
||
| 049 | _aBNPD | ||
| 999 |
_c35397 _d35397 |
||